000 00553nam a22002057a 4500
003 OSt
005 20210419071218.0
008 210225s1970 ||||| |||| 00| 0 eng d
040 _aeng
_beng
_cDLC
041 _aeng
080 _a821.111
_bS-68
100 _9497
_aSmith, E. E. Doc
245 _aSkylark Three
_c/ by: Pyramid Books
260 _aNew York
_bPyramid Books
_c1970
300 _a207 p.
365 _b0.75 usd
650 0 _9247
_aEnglish literature
653 _aინგლისური ლიტერატურა
942 _2udc
_cBK
999 _c1970
_d1970